00294 a2200109 4500001000700000020001800007040003200025100004800057245005100105260001900156362000900175125502 a9788560035038 cEscola Canadense de Niteroi aInstituto de Pesquisas Jardim Botà‚nico RJ10aJardim Botà‚nico Do Rio De Janeiro, 1808-2008 aRio De Janeiro0 a2008